Environmental liability: a shrinking mirage or the most realistic attempt so far? (Record no. 72303)

MARC details
000 -LEADER
fixed length control field 01316cam a2200241 4500
001 - CONTROL NUMBER
control field ABS66519
008 - FIXED-LENGTH DATA ELEMENTS--GENERAL INFORMATION
fixed length control field 030313n2003 000 0 eng u
035 ## - SYSTEM CONTROL NUMBER
System control number (Sirsi) u121621
100 ## - MAIN ENTRY--PERSONAL NAME
Personal name Thornton, J.
245 ## - TITLE STATEMENT
Title Environmental liability: a shrinking mirage or the most realistic attempt so far?
260 ## - PUBLICATION, DISTRIBUTION, ETC.
Date of publication, distribution, etc. 2003
490 ## - SERIES STATEMENT
Series statement Journal of Planning and Environment Law
Volume/sequential designation March 2003, 272-287(16)
520 ## - SUMMARY, ETC.
Summary, etc. Discusses the proposed EU directive on environmental liability which has taken 10 years to materialise. Outlines the scheme and scope of the directive looking at environmental damage, biodiversity damage, damage to watercourses, site contamination, the obligations of prevention and restoration, the division of responsibility for prevention or clean-up and allocation of costs, the nature of operator liability, the role of individuals/environmentalgroups, financial security and other provisions. Considers the potential impact on laws in England and Wales and concludes with the timescale for implementation. Diagram.
590 ## - LOCAL NOTE (RLIN)
Local note ABS
650 ## - SUBJECT ADDED ENTRY--TOPICAL TERM
Topical term or geographic name entry element ENVIRONMENTAL LIABILITY
650 ## - SUBJECT ADDED ENTRY--TOPICAL TERM
Topical term or geographic name entry element POLLUTION
650 ## - SUBJECT ADDED ENTRY--TOPICAL TERM
Topical term or geographic name entry element POLLUTER PAYS PRINCIPLE
650 ## - SUBJECT ADDED ENTRY--TOPICAL TERM
Topical term or geographic name entry element EC DIRECTIVES
650 ## - SUBJECT ADDED ENTRY--TOPICAL TERM
Topical term or geographic name entry element ENVIRONMENTAL DAMAGE
650 ## - SUBJECT ADDED ENTRY--TOPICAL TERM
Topical term or geographic name entry element EUROPEAN COMMISSION
690 ## - LOCAL SUBJECT ADDED ENTRY--TOPICAL TERM (OCLC, RLIN)
Topical term or geographic name as entry element ENVIRONMENT-CONTAMINATION
942 ## - ADDED ENTRY ELEMENTS (KOHA)
Suppress in OPAC 0
Holdings
Withdrawn status Lost status Source of classification or shelving scheme Damaged status Not for loan Home library Current library Shelving location Date acquired Total Checkouts Full call number Barcode Date last seen Copy number Price effective from Koha item type
    Dewey Decimal Classification     London London Journal article 13/03/2003   ABS66519 121621-1001 06/08/2019 1 06/08/2019 Journal article